00782nam a22002177a 4500999001900000005001700019008004100036020001500077050002000092100001700112240004000129245004300169250001100212260004700223300002200270490005700292504003700349650003200386942001300418952013300431 c144178d14417620180911130557.0180911b sp ||||| |||| 00| 0 spa d a848588734404aQ175 bM67 19841 aMorin, Edgar1 aScience avec conscience.lEspañol10aCiencia con concienciac/ Edgar Morin. a1a ed. aBarcelona, España : bAnthropos, cc1984 a369 p. ; c20 cm. 0aPensamiento crítico/pensamiento utópico ;vno. 8 aIncluye bibliografias e índice 72lembaCiencia xFilosofía 2lcccLIB 102lcc4070aLIC-025bLIC-025cGENERALd2018-09-11eUAf1a ed.kCSAoQ175 M67 1984pBIE000000056r2018-09-11 00:00:00tC:1yLIB